000 01876nam0a22003491 4500
001 rc\3674308
005 20260407091946.0
010 _9500
_d40 к.
021 _aRU
_b[75-3154]
035 _a(NLR Aleph) 007843217
090 _a9818554
_c9818555
100 _a20130115d1974 |||y0rusy50 ca
101 0 _arus
102 _aRU
105 _ay z |||||
200 1 _aКормление и разведение сельскохозяйственных животных
_eТруды зоотехнического факультета Киргизского сельскохозяйственного института
_fМинистерство сельского хозяйства СССР. Киргизский сельскохозяйственный институт им. К.И. Скрябина
_f[редакционная коллегия: ... доц. Д.В. Бирюков (отв. ред.) и др.]
210 _aФрунзе
_d1974
215 _a92 с.
_d21
320 _aСписки лит. в конце работ
606 _aЖивотноводство
_yКиргизская АССР
_91073063
_3RU\NLR\AUTH\66418191
606 1 _aСельскохозяйственные животные
_jСборники
_xКормление
_91593727
_3RU\NLR\AUTH\66999376
606 1 _aСельскохозяйственные животные
_jСборники
_xРазведение
_91056940
_3RU\NLR\AUTH\66409573
686 1 _aП531я43
686 1 _aП545я43
702 1 _aБирюков
_bД.В.
_gДмитрий Владимирович
_4340
712 0 2 _4475
_aКиргизский сельскохозяйственный институт им. К. И. Скрябина
_cФрунзе
_9309044
_3RU\NLR\AUTH\8817904
801 0 _aRU
_bNLR
_gpsbo
801 1 _aRU
_bELAR
_2rusmarc
852 _aNLR
_j74-6/7053
942 _cBOOK
980 _aNB